00364 2200157 4500001002100000005001500021035002000036245003400056100001800090300000700108260003500115082000800150084001400158020002200172990001200194INLIS00000000000190020250520092640 a0010-05250001921 aSahabat Pena /cIrma Novianti0 aIrma Novianti a84 aJakarta :bGaneca Exact,c2007 a813 a813 IRM s a978-979-571-420-0 a0754788